|
|
|
|
| LEADER |
00000ny a22000003n 4500 |
| 005 |
20110606110910.0 |
| 008 |
101118s2010 mx 000 spa d |
| 022 |
|
|
|a 9786074401400
|
| 035 |
|
|
|a 5064
|
| 040 |
|
|
|a BUS
|d vLex
|
| 090 |
|
|
|c 476
|d 476
|
| 100 |
1 |
|
|a Přez Chavez, Još
|
| 245 |
1 |
0 |
|a Estudio del impuesto sobre la renta y del impuesto empresarial a tasa n︢ica
|h [Recurso electrn̤ico]
|b Personas Fs̕icas /
|c Jos ̌Přez Chavez ; Raymundo Fol Olguin
|
| 256 |
|
|
|a Servicio en ln̕ea
|
| 260 |
|
|
|a Mx̌ico :
|b Tax ed,
|c 2010
|
| 506 |
1 |
|
|a Contenido solo disponible en los productos indicados
|d vLex Global
|d vLex Global (Academic Edition, excluding Law Schools)
|d vLex Global (U.S. Academic Edition, Law Schools)
|d vLex Global (U.S. Academic Edition, excluding Law Schools)
|d vLex Global (Academic Edition, Law Schools)
|
| 650 |
0 |
4 |
|a Impuesto
|
| 700 |
1 |
|
|a Fol Olguin, Raymundo
|
| 740 |
0 |
|
|a vLex Libros (Servicios en ln̕ea)
|
| 856 |
4 |
0 |
|z Acceso restringido
|u http://vlex.com/source/impuesto-renta-empresarial-tasa-unica-personas-fisicas-5064
|
| 942 |
|
|
|c BOOK
|
| 999 |
0 |
|
|a Taxation
|b Mx̌ico
|